Normal view
MARC view
- Sajid, Asma
Entry Personal Name
001 - CONTROL NUMBER
- control field: 35151
003 - CONTROL NUMBER IDENTIFIER
- control field: NUST
005 - DATE AND TIME OF LATEST TRANSACTION
- control field: 20201111150202.0
008 - FIXED-LENGTH DATA ELEMENTS
- fixed length control field: 201111|| aca||aabn | a|a d
040 ## - CATALOGING SOURCE
- Original cataloging agency: NUST
- Transcribing agency: NUST
100 ## - HEADING--PERSONAL NAME
- Personal name: Sajid, Asma
670 ## - SOURCE DATA FOUND
- Source citation: Work cat.: (NUST): Sajid, Asma, Linked Data Portal for E-Government Resources of Pakistan /, 2013
